Alianza Competitiva para la nueva economía: (Registro nro. 9749)
[ vista simple ]
| 000 -LEADER | |
|---|---|
| fixed length control field | 00897nam a2200205Ia 4500 |
| 005 - FECHA Y HORA DE LA ÚLTIMA TRANSACCIÓN | |
| control field | 20231013153635.0 |
| 008 - FIXED-LENGTH DATA ELEMENTS--GENERAL INFORMATION | |
| fixed length control field | 231013s9999 xx 000 0 und d |
| 020 ## - INTERNATIONAL STANDARD BOOK NUMBER | |
| International Standard Book Number | 84-481-2798-6 |
| 040 ## - CATALOGING SOURCE | |
| Original cataloging agency | UPAN |
| Transcribing agency | Biblioteca San Vicente |
| Description conventions | RCAA2 |
| 041 ## - LANGUAGE CODE | |
| Language code of text/sound track or separate title | spa |
| 082 ## - DEWEY DECIMAL CLASSIFICATION NUMBER | |
| Classification number | 338.8 |
| Item number | A993a |
| año de publicación | 2000 |
| 100 ## - MAIN ENTRY--PERSONAL NAME | |
| Personal name | Azua, Jon |
| Relator code | aut. |
| 245 #0 - TITLE STATEMENT | |
| Title | Alianza Competitiva para la nueva economía: |
| Remainder of title | Empresas, gobiernos y regiones innovadoras/ |
| Statement of responsibility, etc | Jon Azua |
| 250 ## - EDITION STATEMENT | |
| Edition statement | 1° ed. |
| 260 ## - PUBLICATION, DISTRIBUTION, ETC. (IMPRINT) | |
| Place of publication, distribution, etc | McGraw Hill: |
| Name of publisher, distributor, etc | España, |
| Date of publication, distribution, etc | 2000 |
| 300 ## - PHYSICAL DESCRIPTION | |
| Extent | 189 p.; |
| Dimensions | 24 cm. |
| 505 ## - FORMATTED CONTENTS NOTE | |
| Formatted contents note | 1. Introducciòn, 2. Un nuevo paradigma competitivo: Business + Government+ Community, 3. Un nuevo sistema de relaciòn entre las distintas Comunidades: Empresarial, Administraciones Pùblicas y Comunidad Natural, 4. El camino hacia el nuevo modelo, 5. El modelo propuesto, 6. Soluciones aplicadas |
| 650 ## - SUBJECT ADDED ENTRY--TOPICAL TERM | |
| Source of heading or term | LEMB |
| General subdivision | Economía |
| 942 ## - ADDED ENTRY ELEMENTS (KOHA) | |
| Koha item type | Libros |
| Source of classification or shelving scheme | Dewey Decimal Classification |
| Withdrawn status | Lost status | Source of classification or shelving scheme | Damaged status | Not for loan | Collection code | Home library | Current library | Date acquired | Total Checkouts | Full call number | Barcode | Date last seen | Copy number | Price effective from | Koha item type |
|---|---|---|---|---|---|---|---|---|---|---|---|---|---|---|---|
| Dewey Decimal Classification | Referencia | Biblioteca UPAN San Vicente | Biblioteca UPAN San Vicente | 13/10/2023 | 338.8 A993a | 12002017 | 13/10/2023 | 01 | 13/10/2023 | Referencia |